The Biodiversity of India : (Record no. 611761)

MARC details
000 -LEADER
fixed length control field 00499nam a2200193 a 4500
008 - FIXED-LENGTH DATA ELEMENTS--GENERAL INFORMATION
fixed length control field 260211s2002##################000#0#eng##
020 ## - INTERNATIONAL STANDARD BOOK NUMBER
ISBN 9781890206406
082 04 - DEWEY DECIMAL CLASSIFICATION NUMBER
Classification number 333
Item number BHA
100 1# - MAIN ENTRY--AUTHOR NAME
Personal name Bharucha, Erach,
245 10 - TITLE STATEMENT
Title The Biodiversity of India :
260 ## - PUBLICATION, DISTRIBUTION, ETC. (IMPRINT)
Name of publisher Mapin Publishing Pvt Ltd,
Year of publication 2002.
300 ## - PHYSICAL DESCRIPTION
Number of Pages 52 pages
650 #0 - SUBJECT ADDED ENTRY--TOPICAL TERM
Topical Term Fiction.
942 ## - ADDED ENTRY ELEMENTS (KOHA)
Koha item type English Books
Holdings
Withdrawn status Lost status Damaged status Not for loan Home library Current library Shelving location Date acquired Full call number Accession Number Price effective from Koha item type
        Anna Centenary Library Anna Centenary Library 4TH FLOOR, A WING 11.02.2026 333 BHA 533338 11.02.2026 English Books

Find us on the map